000 00807nmc a2200313 a 4500
003 AR-BaBNM
005 20251128210634.0
008 020120s1999 ||||||||||||||000 | spa||
020 _a950-843-380-9
040 _cAR-BaBNM
100 1 _aHernández, Jorge Alberto
245 1 0 _aDudas y errores en el lenguaje mediático
260 _aBuenos Aires
_bVinciguerra
_c1999
300 0 _a203 p.
490 0 _aEl libro argentino
650 4 _aLINGUISTICA
650 4 _aORTOGRAFIA
650 4 _aCAMBIO LINGUISTICO
650 4 _aESPANOL
650 4 _aVOCABULARIO
650 4 _aTERMINOLOGIA
650 4 _aCOSTUMBRES Y TRADICIONES
650 4 _aLEXICO
650 4 _aANALISIS LINGUISTICO
650 4 _aINVESTIGACION LINGUISTICA
650 4 _aUSO LINGUISTICO
942 _cBK
998 _cMARTIN
999 _c16291
_d16291